000 00720nam a22002417a 4500
001 8030
003 FISKH
005 20250819110001.0
008 250819b cb ||||| |||| 00| 0 eng d
020 _a9780439056724
040 _aFISKH
_beng
_cFISKH
_dFISKH
050 _aPZ7.G82 A115
082 _a451
100 _aGrant, Adam
245 _a20,000 leagues under the sea :
_bA graphic classic (Read 180) /
_cBy Adam Grant and Terry M. West
260 _aNew York :
_bScholastic ,
_c1999.
300 _a19 pages :
_bcolor illustrations ;
_c19 cm .
490 _aRead 180
520 _aNemo has created an amazing underwater world.
700 _aVerne, Jules
_eNovelist
942 _2ddc
_cBK
_n0
999 _c8030
_d8030